01029nam a2200241Ia 4500008004100000020001800041100003700059245011000096250002200206300005600228490002100284500016000305650011600465700002100581264002600602336002700628337003300655338002800688040003500716084001300751942000800764999001500772161108s9999 xx 000 0 und d a9789588296319 aVargas, Sebastián Hugo, 1974- aLa cadena de fenris /c versión Sebastián Vargas ; ilustraciones Lautaro Fiszman :b Mitos nórdicos aPrimera edición a[38] páginas :b ilustraciones en color ;c 28 cm aMitos nórdicos aEn portada: "Versión libre de un mito nórdico registrado en la Edda Mayor (autor anónimo, siglo X) y la Edda Menor, de Snorri Sturlusson (1179-1241)" aMitologia Nordica / Mitología Nordica - Adaptaciones / Autores Argentinos - Siglo Xx / Desde Los 9 A{Aelig}Os aFiszman, Lautaro aBogotá :b Cangrejo atextobtxt2rdacontent asin mediaciónbn2rdamedia avolumenbnc2rdacarrier aCO-BoRNBPbspaerdacCO-BoRNBP aLM VAR11 2loc c7392d7392